Culture Générale - Série 2157 - Statistiques

Statistiques générales
  • Ce quiz a été pris 95 fois
    81 depuis la dernière actualisation
  • Le résultat moyen est 4 sur 10
Statistiques - réponses
Question Réponse % Correct
Quel est le nom porté avant 1991 par Saint-Pétersbourg ? Léningrad
82%
Quelle est la ville américaine considérée comme la capitale de l’automobile ? Detroit
69%
Quelle espèce d'animal est l'épeire ? araignée
55%
Quelle est la capitale de la Zambie ? Lusaka
48%
Quelle fleuve traverse Saint-Pétersbourg ? Néva
34%
Quelle est la capitale de l’État de Washington aux Etats Unis ? Olympia
30%
Papier sans grain, soyeux et lisse qui a la particularité de ne pas laisser apparaître de vergeures. vélin
29%
Comment est surnommé le skieur autrichien Hermann Maier ? voir photo Herminator
27%
Qui a écrit "Du côté des vivants" en 2006 ? initiales SM - prénom et nom Serge Moati
3%
Comment appelle-t-on également l'oliban ? encens
1%
Aucun quiz correspondant
Distribution des résultats
% des personnes avec chaque résultat
Percentile par nombre de réponses
Votre historique - résultats
Vous n’avez pas pris ce quiz depuis la dernière actualisation